Catalog

Record Details

Catalog Search



Available copies

  • 4 of 4 copies available at LARL/NWRL Consortium. (Show)
  • 3 of 3 copies available at Northwest Regional Library.

Current holds

0 current holds with 4 total copies.

Show Only Available Copies
Location Call Number / Copy Notes Barcode Shelving Location Status Due Date
Hallock Public Library j LAS (Text) 35500005127152 Main Available -
Red Lake Falls Public Library j LAS (Text) 35500005299605 Main Available -
Thief River Falls Public Library j LAS (Text) 35500005234024 Main Available -

Record details

  • ISBN: 9780545279628 (hardcover)
  • ISBN: 0545279623 (hardcover)
  • ISBN: 9780545547697
  • Physical Description: p. cm.
  • Edition: 1st ed.
  • Publisher: New York, N.Y. : Scholastic Press, 2013.

Content descriptions

Summary, etc.:
The Ring of Sacred Volcanoes has been destroyed ... Read More
Subject: Wolves > Juvenile fiction.
Animals > Juvenile fiction.
Wolves > Fiction.
Animals > Fiction.
Fantasy.
LDR 01929cam a22004578a 4500
001148242
003LARL_NWRL_CONSORTIUM
00520121217151630.0
008120802s2013 nyu c 000 1 eng c
020 . ‡a9780545279628 (hardcover)
020 . ‡a0545279623 (hardcover)
020 . ‡a9780545547697
035 . ‡a(OCoLC)795164664
042 . ‡alcac ‡apcc
08200. ‡a[Fic] ‡223
08200. ‡a813.54 ‡223
1001 . ‡aLasky, Kathryn. ‡0(LARL_NWRL_CONSORTIUM)63034
24510. ‡aStar wolf ‡n#6/ ‡cKathryn Lasky.
250 . ‡a1st ed.
260 . ‡aNew York, N.Y. : ‡bScholastic Press, ‡c2013.
300 . ‡ap. ‡ccm.
4900 . ‡aWolves of the Beyond ; ‡v6
520 . ‡aThe Ring of Sacred Volcanoes has been destroyed and Faolan is leading his small band of wolves across the ice bridge to the hoped for safety of the Distant Blue--but his old enemy Heep is pursuing him and the icy path ahead is filled with danger.
650 0. ‡aWolves ‡vJuvenile fiction.
650 0. ‡aAnimals ‡vJuvenile fiction. ‡0(LARL_NWRL_CONSORTIUM)162061
650 1. ‡aWolves ‡vFiction.
650 1. ‡aAnimals ‡vFiction. ‡0(LARL_NWRL_CONSORTIUM)162060
650 1. ‡aFantasy. ‡0(LARL_NWRL_CONSORTIUM)19981
901 . ‡a148242 ‡bOCLC ‡c148242 ‡tbiblio

Additional Resources